| 000 | 00868nam a2200265 i 4500 | ||
|---|---|---|---|
| 003 | EG-ScBUE | ||
| 005 | 20260414133416.0 | ||
| 008 | 150702s2012 ii a f 000 0 eng d | ||
| 020 | _a9789381052013 | ||
| 040 |
_aEG-ScBUE _beng _erda _cEG-ScBUE _dEG-ScBUE |
||
| 082 | 0 | 4 |
_222 _bCHA _a574.8732 |
| 100 | 1 |
_aChakraborty, Meenakshi, _eauthor. _938913 |
|
| 245 | 1 | 0 |
_aHandbook of molecular genetics / _cMeenakshi Chakraborty, Samresh Choudhuri. |
| 264 | 1 |
_aNew Delhi : _bWisdom Press, _c2012. |
|
| 300 |
_a321 pages : _billustrations ; _c16 cm |
||
| 336 |
_2rdacontent _atext _btxt |
||
| 337 |
_2rdamedia _aunmediated _bn |
||
| 338 |
_2rdacarrier _avolume _bnc |
||
| 650 | 7 |
_2BUEsh _aMolecular genetics. _938915 |
|
| 651 | _2BUEsh | ||
| 653 |
_bENGGEN _cJune2015 _cDecember2015 |
||
| 655 | _vReading book | ||
| 700 | 1 |
_tChoudhuri, Samresh, _eauthor. |
|
| 942 |
_2ddc _cBB |
||
| 999 |
_c20121 _d20093 |
||